| 000 | 00646nam a22002177a 4500 | ||
|---|---|---|---|
| 003 | BCEG | ||
| 005 | 20260310164646.0 | ||
| 008 | 260310s2008 mx|||||| |||| 00| 0 spa d | ||
| 020 | _a9789707128958 | ||
| 040 |
_aBCEG _bspa _cBCEG |
||
| 082 | 0 | 4 |
_a347.013 _bQ121e |
| 245 | 0 | 1 | _a¡Qué es el Poder Judicial de la Federación? |
| 260 |
_aMéxico : _bSuprema Corte de Justicia de la Nación, _c2009. |
||
| 300 |
_a90 p. _b: il. |
||
| 504 | _aIncluye bibliografía. | ||
| 541 | _aDonación. | ||
| 610 | 1 | 4 |
_aMéxico. _bSuprema Corte de Justicia. |
| 650 | 1 | 4 |
_aPoder Judicial _zMéxico. |
| 700 | 1 |
_aCalderón, Francisco, _d1959-, _eil. |
|
| 942 | _cBK | ||
| 999 |
_c437097 _d437097 |
||